Landmarks /

Bibliographic Details
Main Author: Lucas, E. V. (Edward Verrall), 1868-1938
Format: Book
Language:English
Published: New York : The Macmillan company, 1914.

MARC

Tag First Indicator Second Indicator Subfields
LEADER 00000cam a2200000 4500
001 in00000034875
005 20151007063429.0
008 730419s1914 nyu 00000 eng u
010 |a  14019689  
035 |a (OCoLC)00607056 
035 |9 AAD7389AM 
040 |c KSU  |d TXA  |d UtOrBLW 
049 |a TXAM  |c [8549] 
050 0 |a PZ3.L9623  |b La2 
090 |a PR6023.U24  |b L36 1914 
092 |a 823  |b L933 
100 1 |a Lucas, E. V.  |q (Edward Verrall),  |d 1868-1938. 
245 1 0 |a Landmarks /  |c by E. V. Lucas. 
264 1 |a New York :  |b The Macmillan company,  |c 1914. 
300 |a vi pages, 1 ., 308 pages ;  |c 20 cm. 
336 |a text  |b txt  |2 rdacontent 
337 |a unmediated  |b n  |2 rdamedia 
338 |a volume  |b nc  |2 rdacarrier 
999 |a MARS 
999 f f |s 572b4482-153d-35e1-8dfb-d574f66a2961  |i 3691a622-8a74-3d3b-89c7-883d69a78376  |t 0 
952 f f |p ric  |a Texas A&M University  |b Rellis Campus  |c Joint Library Facility  |d Remote Storage  |t 0  |e PR6023.U24 L36 1914  |h Library of Congress classification  |i unmediated -- volume  |m A14801323953 
998 f f |a PR6023.U24 L36 1914  |t 0  |l Remote Storage